000 00749nam a2200241 a 4500
001 26713
003 CO-ViMGA
008 141112s2004 ck r 000 u spa d
015 _ack - 2001 - xxxx
020 _a9580212376 (colección)
040 _aCO-ViMGA
_bspa
_cCO-ViMGA
090 _aC CONr
100 1 _aCone Bryant, Sarah
_93880
245 1 0 _aRicitos de oro /
_cSarah Cone Bryant ; ilustración, Pedro Manuel Cassiani Guapacho
250 _a1a. ed.
260 _aBogotá :
_bVoluntad,
_cc2001
300 _a31 p. : il. ; 49 cm
490 0 _aLibros gigantes para lectura compartida
650 1 4 _aCuentos clásicos infantiles
700 1 _aCassiani Guapacho, Pedro Manuel, ilustrador il.
917 _a3642 20011025
942 _2ddc
_cBK
999 _c10061
_d10061